000 00656nam a2200241 a 4500
001 nice12345678
003 IN_TiNIC
005 20260116015228.0
008 050524s1999 puna grp 000 0 eng
020 _a
_c100
082 0 0 _a333.31
_bNAT
100 _aNational Centre For Advocacy S,
245 _aLand Acquisition, Rehabilitation Policy
_b Issues and Perspectives
260 _aPune
_bNationalcentre for Advocacy St.
_c1999
300 _a137p
500 _aincludes index and biblioraphy
505 2 _aIndex
650 _aLand Reforms
700 1 _aNational Centre For Advocacy S,
902 _bSRS
942 _cBK
999 _c18831
_d18831